000 00380nam a2200157Ia 4500
008 221030s9999 xx 000 0 und d
020 _a0852263406
041 _aEnglish
082 _a105.23
_bGul
100 _aR. R. Gulati
245 0 _aMonochrome & Colour Television
_cby R. R. Gulati
260 _bWiley Eastern
_aDelhi
_c1993
300 _a774
650 _aECE
942 _cBK
999 _c8618
_d8618